Lataa...

Urakkuttelkkatta Panayolakkirukal

Bibliografiset tiedot
Päätekijä: Menon, K V
Aineistotyyppi: Printed Book
Kieli:English
Julkaistu: Kottayam The Author 1983
Aiheet:
LEADER 00624nam a2200253 a 4500
001 adlib96000001
003 ViArRB
005 20151026131435.0
008 960221s1955 dcuabcdjdbkoqu001 0deng d
020
022
040 |a Adlib 
082 |a 294.5=M 
245 |a Urakkuttelkkatta Panayolakkirukal 
250
260 |a Kottayam  |b The Author  |c 1983 
300 |a 135 p. 
500 |a   
100 |a Menon, K V 
700
942 |c BK  |6 _ 
653 |a Hindusism  |a Hinduism 
999 |c 28085  |d 28085 
952 |0 0  |1 0  |4 0  |6 2945M_MEN  |7 0  |9 39704  |a UL  |b UL  |d 2010-06-16  |o 294.5=M MEN  |p 00032088  |r 2010-06-16  |w 2010-06-16  |y BK